Every D1 NCAA College in Kentucky - Statistics

General Stats
  • This quiz has been taken 15 times
    10 since last reset
  • The average score is 6 of 7
Answer Stats
Hint Answer % Correct
Wildcats Kentucky
100%
Cardinals Louisville
100%
Hilltoppers Western Kentucky
90%
Colonels Eastern Kentucky
80%
Norse Northern Kentucky
70%
Eagles Morehead St
60%
Racers Murray St
60%
No matching quizzes found
Score Distribution
Percent of People with Each Score
Percentile by Number Answered
Your Score History
You have not taken this quiz since the last reset